История государства Российского: Историко-библиографические очерки XVII-XVIII вв.

מידע ביבליוגרפי
מחבר ראשי: Бушуев С. В. Сергей Владимирович
שפה:רוסית
יצא לאור: Москва, Книжная палата, 1994
נושאים:
פורמט: MixedMaterials ספר
KOHA link:https://koha.lib.tpu.ru/cgi-bin/koha/opac-detail.pl?biblionumber=16314

MARC

LEADER 00000nam0a2200000 4500
001 16314
005 20250722155824.0
035 |a (RuTPU)RU\TPU\book\16438 
035 |a BOOK00016507 
090 |a 16314 
100 |a 20011209d1994 km y0rusy50 ca 
101 0 |a rus 
102 |a RU 
105 |a y z 000zd 
200 1 |a История государства Российского  |e Историко-библиографические очерки XVII-XVIII вв.  |f С. В. Бушуев 
210 |a Москва  |c Книжная палата  |d 1994 
215 |a 416 с. 
600 0 |a Петр Великий  |d I  |f 1672-1725  |c российский царь из династии Романовых  |c первый российский император  |2 stltpui  |3 (RuTPU)RU\TPU\pers\365 
600 0 |a Екатерина Великая  |d II  |f 1729-1796  |c российская императрица с 1762  |c урожденная Софья Фредерика Августа Анхельт-Цербстская  |2 stltpui  |3 (RuTPU)RU\TPU\pers\98 
600 0 |a Никон  |c настоящее имя Минов Никита  |c российский патриарх  |f 1605-1681  |2 stltpui  |3 (RuTPU)RU\TPU\pers\338  |9 165 
600 0 |a Василий Шуйский  |d IV  |f 1552-1612  |c русский царь в 1606 - 1610 гг.  |c полное имя Шуйский Василий Иванович  |2 stltpush  |3 (RuTPU)RU\TPU\pers\10811 
600 1 |a Минин  |b К. М.  |c нижегородский посадский человек, один из инициаторов и руководителй Ополчения  |c соратник Пожарского  |f ?-1616  |g Кузьма Минич  |2 stltpush  |3 (RuTPU)RU\TPU\pers\10768  |9 2384 
600 1 |a Пожарский  |g Дмитрий Михайлович  |b Д. М.  |c русский князь  |c боярин  |c полководец  |c народный герой  |f 1578-1642  |2 stltpui  |3 (RuTPU)RU\TPU\pers\1235 
600 0 |a Алексей Михайлович  |c из династии Романовых  |c русский царь  |f 1629-1676  |2 stltpush  |3 (RuTPU)RU\TPU\pers\10058 
600 1 |a Разин  |g Степан Тимофеевич  |b С. Т.  |c донской казак  |c предводитель Крестьянской войны 1670 - 1671  |f около 1630-1671  |2 stltpui  |3 (RuTPU)RU\TPU\pers\214 
600 1 |a Потемкин-Таврический  |g Григорий Александрович  |b Г. А.  |c российский государственный и военный деятель  |c генерал-фельдмаршал  |f 1739-1791  |2 stltpui  |3 (RuTPU)RU\TPU\pers\257 
606 |a Россия  |x История  |z 9 век-1917  |9 81648 
610 1 |a Раскол 
610 1 |a петровские реформы 
610 1 |a Московское государство 
610 1 |a русская церковь 
610 1 |a культура 
610 1 |a реформы Петра I 
686 |a Т3(2)4/5  |2 rubbk 
700 1 |a Бушуев  |b С. В.  |g Сергей Владимирович 
801 0 |a RU  |b 63413507  |c 20011209  |g PSBO 
801 2 |a RU  |b 63413507  |c 20120918  |g PSBO 
850 |a 63413507 
942 |c BK